| 000 | 00400nam a22001457a 4500 | ||
|---|---|---|---|
| 003 | OSt | ||
| 005 | 20160727222343.0 | ||
| 008 | 160620b xxu||||| |||| 00| 0 eng d | ||
| 040 | _cTest | ||
| 100 |
_9151 _aCreative _cDaniel and the Lions: Bible Story |
||
| 245 |
_aDaniel and the Lions _bBible Story |
||
| 260 |
_aCanada _b Creative _c2003 |
||
| 300 | _aDaniel and the Lions: Bible Story | ||
| 942 |
_2ddc _cBK |
||
| 999 |
_c123 _d123 |
||